宁波地铁3号线 - Statistics

General Stats
  • This quiz has been taken 5 times
  • The average score is 16 of 24
Answer Stats
Answer % Correct
大通桥
100%
锦寓路
100%
四明中路
100%
仇毕
100%
樱花公园
100%
儿童公园
100%
中兴大桥南
75%
姜山
75%
鄞州区政府
75%
钱湖北路
75%
明楼
75%
体育馆
75%
鄞州客运总站
50%
狮山
50%
明辉路
50%
朝阳
50%
方桥
50%
琎琳
50%
金海路
50%
南部商务区
50%
句章路
25%
高塘桥
25%
南渡
25%
大成东路
25%
No matching quizzes found
Score Distribution
Percent of People with Each Score
Percentile by Number Answered
Your Score History
You have not taken this quiz